000 00318 a2200145 4500
001 76251
020 _a85-87872-23-0
040 _cAnchieta - Colégio São Paulo
240 1 0 _aA África está em nós
_lpor
245 1 0 _aA África está em nós
300 _a176
362 0 _a2006
650 4 _aBrasil
942 _cBK
999 _c76251
_d76251